Investigando las maras y pandillas en Centroamérica: reflexiones metodológicas /
Zapisane w:
| 1. autor: | |
|---|---|
| Kolejni autorzy: | |
| Format: | Texto |
| Hasła przedmiotowe: | |
| Etykiety: |
Dodaj etykietę
Nie ma etykietki, Dołącz pierwszą etykiete!
|
MARC
| LEADER | 00000 a a2200000 04500 | ||
|---|---|---|---|
| 001 | 8627 | ||
| 003 | |||
| 040 | |||
| 100 | |a Bellanger, Wendy | ||
| 245 | |a Investigando las maras y pandillas en Centroamérica: |b reflexiones metodológicas / |c Wendy Bellanger | ||
| 650 | |a PROBLEMAS SOCIALES | ||
| 650 | |a VIOLENCIA | ||
| 650 | |a INVESTIGACION | ||
| 650 | |a METODOLOGIA | ||
| 650 | |a AMERICA CENTRAL | ||
| 700 | |a Rocha, José Luis | ||
| 773 | |g volumen 8, número 32; páginas 137-152 | ||
| 999 | |c 25472 |d 25472 | ||
